Teoria i polityka regulacji mezosystemów gospodarczych a transformacja postsocjalistycznej gospodarki polskiej
Gespeichert in:
| 1. Verfasser: | |
|---|---|
| Format: | Buch |
| Sprache: | Polnisch |
| Veröffentlicht: |
Poznan
Akademia Ekonomiczna w Poznaniu
1995
|
| Ausgabe: | 1. wyd. |
| Schriftenreihe: | Zeszyty naukowe
Zeszyt 141 |
| Schlagworte: | |
| Tags: |
Keine Tags, Fügen Sie das erste Tag hinzu!
|
MARC
| LEADER | 00000nam a2200000 4500 | ||
|---|---|---|---|
| 001 | c013124 | ||
| 005 | 20250509102728.5 | ||
| 041 | 0 | |a pol | |
| 044 | |a PL | ||
| 245 | 1 | 0 | |a Teoria i polityka regulacji mezosystemów gospodarczych a transformacja postsocjalistycznej gospodarki polskiej |c Marian Gorynia |
| 250 | |a 1. wyd. | ||
| 264 | 1 | |a Poznan |b Akademia Ekonomiczna w Poznaniu |c 1995 | |
| 300 | |a 241 s. | ||
| 490 | 1 | |a Zeszyty naukowe |v Zeszyt 141 | |
| 830 | 0 | |a Zeszyty naukowe |v Zeszyt 141 | |
| 610 | 2 | 0 | |a systémy ekonomické |
| 610 | 2 | 0 | |a regulácia |
| 610 | 2 | 0 | |a mechanizmus hospodársky |
| 610 | 2 | 0 | |a koncepcie |
| 610 | 2 | 0 | |a mechanizmus trhový |
| 610 | 2 | 0 | |a modely |
| 610 | 2 | 0 | |a politika hospodárska |
| 610 | 2 | 0 | |a politika priemyselná |
| 610 | 2 | 0 | |a transformácia |
| 610 | 2 | 0 | |a Poľsko |
| 100 | 1 | |a Gorynia, Marian | |